[Event "CYCC U12"]
[Site "Windsor CAN"]
[Date "2016.07.08"]
[Round "6.50"]
[White "Hemstapat, Andrew"]
[Black "Vettese, Nicholas"]
[Result "0-1"]
[WhiteElo "1883"]
[BlackElo "2271"]
[PlyCount "98"]
[GameId "2160767908701732"]
[EventDate "2016.07.05"]
[EventType "swiss"]
[EventRounds "7"]
[EventCountry "CAN"]
[SourceTitle "EXT 2022"]
[Source "ChessBase"]
[SourceDate "2021.10.06"]
[SourceVersion "1"]
[SourceVersionDate "2021.10.06"]
[SourceQuality "1"]

1. e4 c5 2. Nf3 d6 3. d4 cxd4 4. Nxd4 Nf6 5. Nc3 a6 6. Bg5 Nbd7 7. Be2 h6 8. Bh4 b5 9. a3 Bb7 10. Bd3 Qb6 11. Nb3 e6 12. O-O Be7 13. Kh1 O-O 14. f4 Rfe8 15. Bf2 Qc7 16. Qe2 e5 17. f5 Nc5 18. Rad1 Rad8 19. Bg3 Nxd3 20. cxd3 d5 21. exd5 Nxd5 22. Ne4 Nf6 23. Rc1 Qb8 24. Nbc5 Nxe4 25. Nxe4 f6 26. b4 Bd5 27. Nc5 Qa8 28. Ne6 Bxe6 29. fxe6 Qd5 30. Rfd1 Qxe6 31. d4 e4 32. Rc7 f5 33. Be5 Bf6 34. Bxf6 Qxf6 35. Qa2+ Kh8 36. Rf7 Rxd4 37. Rf1 Qg5 38. R7xf5 Qxf5 39. Rg1 Red8 40. Qc2 Rd2 41. Qc3 Rd1 42. h3 Rxg1+ 43. Kxg1 Rd1+ 44. Kh2 Qf4+ 45. Qg3 Rh1+ 46. Kxh1 Qxg3 47. Kg1 e3 48. a4 e2 49. axb5 e1=Q# 0-1

[Event "CYCC U12"]
[Site "Windsor CAN"]
[Date "2016.07.08"]
[Round "7.50"]
[White "Vettese, Nicholas"]
[Black "Doknjas, Neil"]
[Result "1-0"]
[WhiteElo "2271"]
[BlackElo "1879"]
[PlyCount "69"]
[GameId "2160767908701755"]
[EventDate "2016.07.05"]
[EventType "swiss"]
[EventRounds "7"]
[EventCountry "CAN"]
[SourceTitle "EXT 2022"]
[Source "ChessBase"]
[SourceDate "2021.10.06"]
[SourceVersion "1"]
[SourceVersionDate "2021.10.06"]
[SourceQuality "1"]

1. e4 c5 2. Nf3 d6 3. d4 cxd4 4. Nxd4 Nf6 5. Nc3 a6 6. f3 e5 7. Nb3 Be6 8. Be3 h5 9. Qd2 Nbd7 10. O-O-O Be7 11. Nd5 Bxd5 12. exd5 b5 13. Na5 Qc7 14. Nc6 Nxd5 15. Qxd5 Nf6 16. Nxe7 Nxd5 17. Nxd5 Qb7 18. g4 h4 19. Kb1 Rc8 20. h3 b4 21. Bg2 Qb5 22. Rd2 a5 23. f4 a4 24. Re1 b3 25. cxb3 axb3 26. a3 Qa5 27. Red1 Rc2 28. fxe5 dxe5 29. Be4 Rxd2 30. Bxd2 Qa7 31. Bb4 Rh6 32. Rc1 f5 33. Rc8+ Kf7 34. Rf8+ Ke6 35. gxf5+ 1-0

[Event "Outaouais op"]
[Site "Gatineau CAN"]
[Date "2016.06.03"]
[Round "1"]
[White "Villeneuve, Robert"]
[Black "Vettese, Nicholas"]
[Result "0-1"]
[WhiteElo "2005"]
[BlackElo "2275"]
[PlyCount "50"]
[GameId "2160767908727080"]
[EventDate "2016.06.03"]
[EventType "swiss"]
[EventRounds "5"]
[EventCountry "CAN"]
[SourceTitle "EXT 2022"]
[Source "ChessBase"]
[SourceDate "2021.10.06"]
[SourceVersion "1"]
[SourceVersionDate "2021.10.06"]
[SourceQuality "1"]

1. e4 c5 2. Nf3 d6 3. d4 cxd4 4. Nxd4 Nf6 5. Nc3 a6 6. Bg5 Nbd7 7. Bc4 Qc7 8. Bb3 e6 9. Qe2 h6 10. Bh4 Nc5 11. Bxf6 gxf6 12. O-O-O b5 13. Qh5 Bd7 14. Kb1 Nxb3 15. cxb3 Qc5 16. Qf3 Qe5 17. Rhe1 Be7 18. Nf5 exf5 19. Rd5 Qe6 20. Qd1 f4 21. e5 fxe5 22. Ne4 Rd8 23. Nxd6+ Bxd6 24. Rxd6 Qxd6 25. Qxd6 Bf5+ 0-1

[Event "Outaouais op"]
[Site "Gatineau CAN"]
[Date "2016.06.04"]
[Round "2"]
[White "Vettese, Nicholas"]
[Black "Sadeghi, Saeid"]
[Result "1-0"]
[WhiteElo "2275"]
[BlackElo "2169"]
[PlyCount "113"]
[GameId "2160767908727088"]
[EventDate "2016.06.03"]
[EventType "swiss"]
[EventRounds "5"]
[EventCountry "CAN"]
[SourceTitle "EXT 2022"]
[Source "ChessBase"]
[SourceDate "2021.10.06"]
[SourceVersion "1"]
[SourceVersionDate "2021.10.06"]
[SourceQuality "1"]

1. e4 c5 2. Nf3 e6 3. d4 cxd4 4. Nxd4 Nc6 5. c4 Qc7 6. Nc3 a6 7. Be3 Nf6 8. Rc1 Bb4 9. f3 d5 10. cxd5 exd5 11. Nxc6 bxc6 12. Bd4 dxe4 13. Bxf6 gxf6 14. Qd4 Bxc3+ 15. Qxc3 exf3 16. Qxf3 O-O 17. Be2 Re8 18. O-O Qa7+ 19. Kh1 Re3 20. Qh5 Re5 21. Qf3 Re3 22. Qf2 Qe7 23. Bf3 Bb7 24. Bxc6 Bxc6 25. Rxc6 Re6 26. Qg3+ Kf8 27. Rc7 Qd6 28. Qc3 Rae8 29. h3 R8e7 30. Rxe7 Qxe7 31. b3 Re2 32. a4 Qe4 33. Qf3 Qxf3 34. Rxf3 Ke7 35. Rd3 Rb2 36. Kh2 Ke6 37. Kg3 Ke5 38. Kf3 f5 39. g3 Rb1 40. h4 Rf1+ 41. Ke2 Rb1 42. Ke3 Re1+ 43. Kd2 Rg1 44. b4 Ra1 45. a5 f4 46. gxf4+ Kxf4 47. Rd6 f5 48. Rxa6 Kg3 49. b5 f4 50. b6 Rb1 51. Ra7 Rb2+ 52. Kc3 Rb1 53. Rd7 Kh3 54. Rf7 Kg3 55. b7 f3 56. a6 f2 57. Rf8 1-0

[Event "Outaouais op"]
[Site "Gatineau CAN"]
[Date "2016.06.04"]
[Round "3"]
[White "Gordon, David"]
[Black "Vettese, Nicholas"]
[Result "1-0"]
[WhiteElo "2310"]
[BlackElo "2275"]
[PlyCount "71"]
[GameId "2160767908727093"]
[EventDate "2016.06.03"]
[EventType "swiss"]
[EventRounds "5"]
[EventCountry "CAN"]
[SourceTitle "EXT 2022"]
[Source "ChessBase"]
[SourceDate "2021.10.06"]
[SourceVersion "1"]
[SourceVersionDate "2021.10.06"]
[SourceQuality "1"]

1. d4 Nf6 2. Bg5 Ne4 3. Bf4 d5 4. e3 g6 5. Bd3 Bg7 6. Nd2 Nxd2 7. Qxd2 c5 8. c3 Nc6 9. Nf3 O-O 10. O-O Re8 11. Rfd1 Bg4 12. Be2 Qd7 13. h3 Bf5 14. g4 Be6 15. dxc5 Rad8 16. Nd4 f6 17. Nxe6 Qxe6 18. Bf3 Qf7 19. Bc7 Ne5 20. Bxd5 e6 21. Bxd8 Rxd8 22. Bxe6 Nf3+ 23. Kg2 Nxd2 24. Bxf7+ Kxf7 25. Rac1 Ke7 26. c4 Ne4 27. Rd5 Ng5 28. Rcd1 Ne6 29. b4 Bf8 30. f4 f5 31. gxf5 gxf5 32. Rd6 Rxd6 33. cxd6+ Kd7 34. Rd5 Ng7 35. c5 b6 36. c6+ 1-0

[Event "Outaouais op"]
[Site "Gatineau CAN"]
[Date "2016.06.05"]
[Round "4"]
[White "Vettese, Nicholas"]
[Black "Yao, Sammy"]
[Result "0-1"]
[WhiteElo "2275"]
[BlackElo "2063"]
[PlyCount "104"]
[GameId "2160767908727112"]
[EventDate "2016.06.03"]
[EventType "swiss"]
[EventRounds "5"]
[EventCountry "CAN"]
[SourceTitle "EXT 2022"]
[Source "ChessBase"]
[SourceDate "2021.10.06"]
[SourceVersion "1"]
[SourceVersionDate "2021.10.06"]
[SourceQuality "1"]

1. e4 c5 2. Nf3 e6 3. d4 cxd4 4. Nxd4 a6 5. c4 Nf6 6. Nc3 Qc7 7. a3 d6 8. Be3 b6 9. g3 Bb7 10. Bg2 Nbd7 11. f4 Rc8 12. Rc1 Nc5 13. O-O Ncxe4 14. Nxe4 Bxe4 15. Qa4+ Qd7 16. Qxa6 Bxg2 17. Kxg2 Ng4 18. Bg1 d5 19. cxd5 Qxd5+ 20. Nf3 Rxc1 21. Rxc1 Be7 22. h3 Nf6 23. Rc8+ Bd8 24. Bxb6 O-O 25. Bxd8 Rxd8 26. Qc4 Qd7 27. Rxd8+ Qxd8 28. b4 Nd5 29. Qc5 h6 30. a4 Qf6 31. Nd4 Qg6 32. Kh2 Ne3 33. f5 exf5 34. Qe5 f4 35. Nf5 Nxf5 36. Qb8+ Kh7 37. Qxf4 Qe6 38. Qd2 Qe4 39. a5 Nd4 40. Qf4 Qxf4 41. gxf4 Kg6 42. a6 Nb5 43. Kg3 Kf5 44. Kf3 g5 45. fxg5 hxg5 46. Kg3 Ke4 47. Kg4 f5+ 48. Kxg5 f4 49. h4 f3 50. h5 f2 51. h6 f1=Q 52. Kg6 Qf8 0-1

[Event "Outaouais op"]
[Site "Gatineau CAN"]
[Date "2016.06.05"]
[Round "5"]
[White "Vettese, Nicholas"]
[Black "Yang, Fan"]
[Result "1-0"]
[WhiteElo "2275"]
[BlackElo "2021"]
[PlyCount "75"]
[GameId "2160767908727122"]
[EventDate "2016.06.03"]
[EventType "swiss"]
[EventRounds "5"]
[EventCountry "CAN"]
[SourceTitle "EXT 2022"]
[Source "ChessBase"]
[SourceDate "2021.10.06"]
[SourceVersion "1"]
[SourceVersionDate "2021.10.06"]
[SourceQuality "1"]

1. e4 e5 2. Nf3 Nc6 3. Bc4 Bc5 4. c3 Nf6 5. d3 h6 6. O-O d6 7. Bb3 O-O 8. Re1 Bg4 9. h3 Bh5 10. Nbd2 Re8 11. Nf1 Bg6 12. Ng3 d5 13. exd5 Nxd5 14. d4 exd4 15. Rxe8+ Qxe8 16. Bxd5 dxc3 17. bxc3 Rd8 18. c4 Nb4 19. Ba3 c6 20. Bxb4 Bxb4 21. Qa4 Qe7 22. Be4 Bxe4 23. Nxe4 b5 24. Qc2 Ba5 25. Rb1 a6 26. Rc1 Bb6 27. c5 Bc7 28. Re1 Qd7 29. Nc3 Ba5 30. Rd1 Qc7 31. Rxd8+ Qxd8 32. Ne4 Bc7 33. Qd2 Qe7 34. Qd3 a5 35. Nd6 Qe6 36. Qf5 Qe7 37. Qe5 Qf8 38. Nd4 1-0

[Event "Gatineau op"]
[Site "Gatineau CAN"]
[Date "2016.03.04"]
[Round "1"]
[White "Vettese, Nicholas"]
[Black "Palsson, Halldor"]
[Result "1/2-1/2"]
[WhiteElo "2284"]
[BlackElo "1992"]
[PlyCount "68"]
[GameId "2160767738660342"]
[EventDate "2016.03.04"]
[EventType "swiss"]
[EventRounds "5"]
[EventCountry "CAN"]

1. e4 e6 2. d4 d5 3. Nc3 Bb4 4. exd5 exd5 5. Bd3 Nc6 6. a3 Ba5 7. Nge2 Nge7 8. b4 Bb6 9. Be3 Bf5 10. Qd2 Qd7 11. Ng3 Bxd3 12. Qxd3 O-O 13. Nce2 Rfe8 14. O-O Ng6 15. f4 f5 16. Rae1 a5 17. c3 Na7 18. Kh1 Nc8 19. Ng1 Nh4 20. Bf2 Nd6 21. N3e2 Ng6 22. Nf3 Ne4 23. Be3 Qe7 24. Qb5 axb4 25. axb4 Qd8 26. Ne5 Nxe5 27. fxe5 c6 28. Qd3 Qh4 29. g3 Qh3 30. Nf4 Qg4 31. c4 g5 32. Ng2 Qh3 33. Kg1 f4 34. gxf4 gxf4 {Impossible de reconstituer la partie (1/2-1/2;51)} 1/2-1/2

[Event "Gatineau op"]
[Site "Gatineau CAN"]
[Date "2016.03.05"]
[Round "2"]
[White "Cova, Ramon"]
[Black "Vettese, Nicholas"]
[Result "0-1"]
[WhiteElo "2100"]
[BlackElo "2284"]
[PlyCount "160"]
[GameId "2160767908760816"]
[EventDate "2016.03.04"]
[EventType "swiss"]
[EventRounds "5"]
[EventCountry "CAN"]
[SourceTitle "EXT 2022"]
[Source "ChessBase"]
[SourceDate "2021.10.06"]
[SourceVersion "1"]
[SourceVersionDate "2021.10.06"]
[SourceQuality "1"]

1. e4 c5 2. Nc3 a6 3. f4 b5 4. d3 Bb7 5. Nf3 b4 6. Ne2 d5 7. e5 d4 8. Ng3 e6 9. Ne4 Nd7 10. Qe2 Nh6 11. g3 Nb6 12. Nfd2 Nf5 13. Nc4 Nxc4 14. dxc4 Ne3 15. Bg2 Nxg2+ 16. Qxg2 Qd7 17. Qe2 Be7 18. Bd2 O-O-O 19. Rf1 f5 20. Nf2 Qc6 21. Nd3 Qe4 22. a3 a5 23. Rg1 Kc7 24. Kd1 Kb6 25. Nf2 Qf3 26. Qxf3 Bxf3+ 27. Kc1 h6 28. b3 g5 29. Kb2 Rdg8 30. Nd3 g4 31. Ra2 h5 32. Rga1 Ra8 33. axb4 axb4 34. Rxa8 Bxa8 35. Rg1 h4 36. Be1 Be4 37. Kc1 Kc6 38. Bd2 hxg3 39. hxg3 Rh2 40. Kd1 Bf3+ 41. Kc1 Re2 42. Ne1 Kd7 43. Nxf3 gxf3 44. Rf1 Rg2 45. Rxf3 Rg1+ 46. Kb2 Ke8 47. Rd3 Kf7 48. Rf3 Bf8 49. Rf2 Rxg3 50. Rh2 Rg1 51. Rh8 Kg7 52. Rh2 Kg8 53. Bc1 Bg7 54. Bd2 Kf7 55. Bc1 Kg6 56. Bd2 Bh6 57. Rf2 Rg4 58. Kc1 Rg1+ 59. Kb2 Bf8 60. Rh2 Rf1 61. Rh8 Bh6 62. Rc8 Bxf4 63. Bxf4 Rxf4 64. Rxc5 Re4 65. Rc8 Rxe5 66. c5 Kf6 67. c6 Rc5 68. Rb8 Rxc6 69. Rxb4 e5 70. Kc1 d3 71. c4 e4 72. Kd2 Rd6 73. c5 e3+ 74. Kd1 Rd5 75. Rc4 Ke7 76. Rc3 f4 77. c6 Kd8 78. Rc4 d2 79. Re4 Kc7 80. Rxf4 e2+ 0-1

[Event "Gatineau op"]
[Site "Gatineau CAN"]
[Date "2016.03.05"]
[Round "3"]
[White "Vettese, Nicholas"]
[Black "Doubleday, William"]
[Result "1-0"]
[WhiteElo "2284"]
[BlackElo "2114"]
[PlyCount "61"]
[GameId "2160767908760838"]
[EventDate "2016.03.04"]
[EventType "swiss"]
[EventRounds "5"]
[EventCountry "CAN"]
[SourceTitle "EXT 2022"]
[Source "ChessBase"]
[SourceDate "2021.10.06"]
[SourceVersion "1"]
[SourceVersionDate "2021.10.06"]
[SourceQuality "1"]

1. e4 c5 2. Nf3 Nc6 3. d4 cxd4 4. Nxd4 Qb6 5. Nb3 Nf6 6. Nc3 e6 7. Bd3 d6 8. O-O Be7 9. Be3 Qc7 10. f4 O-O 11. Qf3 Nb4 12. Rae1 a6 13. a3 Nxd3 14. cxd3 Nd7 15. Qg3 b5 16. f5 Bf6 17. Bf4 Be5 18. Bxe5 dxe5 19. f6 g6 20. Qg5 Qd8 21. Re3 h6 22. Qh4 Kh7 23. Rh3 h5 24. Qg5 Nxf6 25. Qxf6 Qxf6 26. Rxf6 Kg7 27. Rf1 f5 28. exf5 exf5 29. Re3 Re8 30. Rfe1 Kf6 31. Nd5+ 1-0

[Event "Gatineau op"]
[Site "Gatineau CAN"]
[Date "2016.03.06"]
[Round "4"]
[White "Rodrigue-Lemieux, Shawn"]
[Black "Vettese, Nicholas"]
[Result "1-0"]
[WhiteElo "2143"]
[BlackElo "2284"]
[PlyCount "105"]
[GameId "2160767908760849"]
[EventDate "2016.03.04"]
[EventType "swiss"]
[EventRounds "5"]
[EventCountry "CAN"]
[SourceTitle "EXT 2022"]
[Source "ChessBase"]
[SourceDate "2021.10.06"]
[SourceVersion "1"]
[SourceVersionDate "2021.10.06"]
[SourceQuality "1"]

1. e4 c5 2. Nf3 d6 3. d4 cxd4 4. Qxd4 Nc6 5. Bb5 Bd7 6. Bxc6 Bxc6 7. Nc3 h6 8. Be3 Nf6 9. O-O-O e5 10. Qd3 Qa5 11. Nd2 b5 12. Nb3 Qb4 13. a3 Qc4 14. Qxc4 bxc4 15. Na5 Rc8 16. Nxc6 Rxc6 17. Bxa7 Be7 18. f3 O-O 19. Be3 Rb8 20. Nd5 Nxd5 21. Rxd5 Bg5 22. Bxg5 hxg5 23. Rhd1 Rbb6 24. Re1 Kf8 25. Re3 Ke7 26. Rc3 Kd7 27. Ra5 Rb7 28. Ra4 Rcb6 29. Rcxc4 Rxb2 30. Rcb4 R2xb4 31. axb4 Rc7 32. Kb2 f5 33. exf5 d5 34. Ra6 Rc4 35. Ra7+ Kd6 36. Rxg7 Rxb4+ 37. Kc3 Rc4+ 38. Kb3 Rh4 39. h3 e4 40. fxe4 dxe4 41. Kc3 Ke5 42. Rxg5 Rf4 43. f6+ Kxf6 44. Rg4 Rf2 45. Rxe4 Rxg2 46. Re3 Kg5 47. Kb2 Kh4 48. Kb3 Rg1 49. c4 Rb1+ 50. Kc3 Rc1+ 51. Kd4 Rd1+ 52. Kc5 Rc1 53. Kd5 1-0

[Event "Gatineau op"]
[Site "Gatineau CAN"]
[Date "2016.03.06"]
[Round "5"]
[White "Vettese, Nicholas"]
[Black "Yao, Sammy"]
[Result "1-0"]
[WhiteElo "2284"]
[BlackElo "2028"]
[PlyCount "51"]
[GameId "2160767908760861"]
[EventDate "2016.03.04"]
[EventType "swiss"]
[EventRounds "5"]
[EventCountry "CAN"]
[SourceTitle "EXT 2022"]
[Source "ChessBase"]
[SourceDate "2021.10.06"]
[SourceVersion "1"]
[SourceVersionDate "2021.10.06"]
[SourceQuality "1"]

1. e4 d6 2. d4 g6 3. f4 Bg7 4. Nf3 a6 5. h3 b5 6. c4 Bb7 7. e5 bxc4 8. Bxc4 d5 9. Bd3 e6 10. O-O Ne7 11. Nc3 Nd7 12. b4 c6 13. a4 O-O 14. a5 Nf5 15. Qe1 h5 16. Na4 Re8 17. g4 hxg4 18. hxg4 Nh6 19. Qg3 Rb8 20. Bd2 Bc8 21. Kg2 c5 22. bxc5 Rb3 23. Bc2 Rb5 24. f5 exf5 25. gxf5 Nxf5 26. Bxf5 1-0

[Event "Hart House Holidays op"]
[Site "Toronto CAN"]
[Date "2015.12.18"]
[Round "1"]
[White "Preotu, Razvan"]
[Black "Vettese, Nicholas"]
[Result "1-0"]
[WhiteElo "2607"]
[BlackElo "2259"]
[PlyCount "91"]
[GameId "2160767908790595"]
[EventDate "2015.12.18"]
[EventType "swiss"]
[EventRounds "5"]
[EventCountry "CAN"]
[SourceTitle "EXT 2019"]
[Source "ChessBase"]
[SourceDate "2018.10.10"]
[SourceVersion "1"]
[SourceVersionDate "2018.10.10"]
[SourceQuality "1"]

1. e4 c5 2. Nf3 d6 3. d4 cxd4 4. Nxd4 Nf6 5. Nc3 a6 6. g3 e5 7. Nb3 Be7 8. Bg2 b5 9. a4 b4 10. Nd5 Nxd5 11. Qxd5 Ra7 12. Be3 Be6 13. Qd3 Ra8 14. O-O Nd7 15. Rfc1 Nc5 16. Nxc5 dxc5 17. Qxd8+ Rxd8 18. Bf1 c4 19. c3 b3 20. Rd1 O-O 21. Bb6 Rxd1 22. Rxd1 f6 23. f4 Rb8 24. a5 Rb7 25. Kf2 Kf8 26. Ke3 Ke8 27. Ra1 Rd7 28. Be2 Rd6 29. h4 Rc6 30. Ra4 Kd7 31. Kf3 Kc8 32. Be3 Bd6 33. f5 Bf7 34. g4 h6 35. Kg3 Bc5 36. Bc1 Rc7 37. g5 hxg5 38. hxg5 Be8 39. Ra1 Bb5 40. Kf3 Rd7 41. Be3 Bxe3 42. Kxe3 Kc7 43. Rh1 Kd6 44. Rh8 Rc7 45. Rb8 Ke7 46. Rb6 1-0

[Event "Hart House Holidays op"]
[Site "Toronto CAN"]
[Date "2015.12.19"]
[Round "3"]
[White "Southam, David"]
[Black "Vettese, Nicholas"]
[Result "1/2-1/2"]
[WhiteElo "2218"]
[BlackElo "2259"]
[PlyCount "87"]
[GameId "2160767908790610"]
[EventDate "2015.12.18"]
[EventType "swiss"]
[EventRounds "5"]
[EventCountry "CAN"]
[SourceTitle "EXT 2019"]
[Source "ChessBase"]
[SourceDate "2018.10.10"]
[SourceVersion "1"]
[SourceVersionDate "2018.10.10"]
[SourceQuality "1"]

1. d4 Nf6 2. Nf3 e6 3. e3 c5 4. Bd3 cxd4 5. exd4 Be7 6. O-O O-O 7. Re1 b6 8. Qe2 Bb7 9. Bg5 d6 10. c3 Nbd7 11. Nbd2 Qc7 12. Rad1 Rac8 13. Ba6 Rfe8 14. h3 Bd8 15. Bxb7 Qxb7 16. Ne4 Nxe4 17. Qxe4 Qxe4 18. Rxe4 Nf6 19. Re2 Be7 20. Rde1 d5 21. Nd2 b5 22. a3 a5 23. Nb3 Ra8 24. Bxf6 Bxf6 25. Nc5 b4 26. axb4 axb4 27. g3 h6 28. h4 Ra7 29. Rc1 Rea8 30. Kf1 Be7 31. Nd3 bxc3 32. bxc3 Rc8 33. Ke1 Bd8 34. Rec2 Ba5 35. Nb2 Rac7 36. Kd2 f6 37. f4 e5 38. dxe5 fxe5 39. fxe5 d4 40. Ke2 Rxc3 41. Rxc3 Rxc3 42. Nd3 Kf7 43. Ra1 Bb6 44. Ra6 1/2-1/2

[Event "Aurora Fall op"]
[Site "Aurora CAN"]
[Date "2015.10.03"]
[Round "1.3"]
[White "Vettese, Nicholas"]
[Black "Yu, Wenlu"]
[Result "0-1"]
[WhiteElo "2276"]
[BlackElo "2051"]
[PlyCount "76"]
[GameId "2160767908811932"]
[EventDate "2015.10.03"]
[EventType "swiss"]
[EventRounds "5"]
[EventCountry "CAN"]
[SourceTitle "EXT 2019"]
[Source "ChessBase"]
[SourceDate "2018.10.10"]
[SourceVersion "1"]
[SourceVersionDate "2018.10.10"]
[SourceQuality "1"]

1. e4 c5 2. Nf3 e6 3. d4 cxd4 4. Nxd4 a6 5. c4 Nf6 6. Nc3 Bb4 7. Bd3 Bxc3+ 8. bxc3 Qa5 9. Qb3 d6 10. Ba3 Ke7 11. Bb4 Qh5 12. Qa3 Rd8 13. c5 a5 14. cxd6+ Ke8 15. Nb5 axb4 16. Qxa8 Nc6 17. O-O Ne5 18. Nc7+ Kf8 19. Bb5 Nfg4 20. h3 Nf3+ 21. Kh1 Ng5 22. f3 Nxh3 23. fxg4 Nf2+ 24. Kg1 Nxg4 25. Rfd1 Qh2+ 26. Kf1 Qh1+ 27. Ke2 Qxg2+ 28. Kd3 Ne5+ 29. Ke3 Qf3+ 30. Kd2 Rxd6+ 31. Nd5 Qxc3+ 32. Ke2 exd5 33. Rac1 Qf3+ 34. Kd2 Qg2+ 35. Be2 Nc4+ 36. Ke1 Qg1+ 37. Bf1 Qg3+ 38. Ke2 Qe3# 0-1

[Event "Aurora Fall op"]
[Site "Aurora CAN"]
[Date "2015.10.03"]
[Round "2.6"]
[White "Liang, Hairan"]
[Black "Vettese, Nicholas"]
[Result "1/2-1/2"]
[WhiteElo "2017"]
[BlackElo "2276"]
[PlyCount "106"]
[GameId "2160767908811944"]
[EventDate "2015.10.03"]
[EventType "swiss"]
[EventRounds "5"]
[EventCountry "CAN"]
[SourceTitle "EXT 2019"]
[Source "ChessBase"]
[SourceDate "2018.10.10"]
[SourceVersion "1"]
[SourceVersionDate "2018.10.10"]
[SourceQuality "1"]

1. e4 c5 2. Nf3 d6 3. Bb5+ Bd7 4. Bxd7+ Qxd7 5. O-O Nf6 6. Re1 Nc6 7. c3 e6 8. d4 cxd4 9. cxd4 d5 10. e5 Ne4 11. Nbd2 Nxd2 12. Bxd2 Rc8 13. Rc1 Be7 14. Rc3 O-O 15. a3 a5 16. Rd3 f5 17. exf6 Rxf6 18. Ne5 Qc7 19. Nxc6 bxc6 20. Bg5 Rf7 21. Bxe7 Rxe7 22. Rde3 Rce8 23. Qg4 e5 24. Qg3 e4 25. Qxc7 Rxc7 26. f3 Rb8 27. fxe4 Rxb2 28. exd5 cxd5 29. Rf3 h6 30. Rf2 Rb3 31. Rf3 Rxf3 32. gxf3 Rc3 33. Kf2 Rd3 34. Re8+ Kf7 35. Rd8 Rxd4 36. Ke3 Ra4 37. Rxd5 Rxa3+ 38. Ke2 a4 39. Ra5 Ra1 40. Ra6 a3 41. Kf2 g6 42. Kg2 h5 43. h4 a2 44. Kh2 Ke7 45. Kg2 Kd7 46. Kh2 Kc7 47. Kg2 Kb7 48. Ra3 Kb6 49. Ra8 Kb5 50. Rb8+ Kc4 51. Rc8+ Kd3 52. Rd8+ Ke3 53. Re8+ Kf4 1/2-1/2

[Event "Aurora Fall op"]
[Site "Aurora CAN"]
[Date "2015.10.04"]
[Round "4.6"]
[White "Vettese, Nicholas"]
[Black "Maulucci, Anthony"]
[Result "1-0"]
[WhiteElo "2276"]
[BlackElo "1982"]
[PlyCount "85"]
[GameId "2160767908811962"]
[EventDate "2015.10.03"]
[EventType "swiss"]
[EventRounds "5"]
[EventCountry "CAN"]
[SourceTitle "EXT 2019"]
[Source "ChessBase"]
[SourceDate "2018.10.10"]
[SourceVersion "1"]
[SourceVersionDate "2018.10.10"]
[SourceQuality "1"]

1. e4 c6 2. d4 d5 3. Nc3 g6 4. h3 Bg7 5. Nf3 Nh6 6. Bf4 f6 7. Bd3 O-O 8. Qe2 Nf7 9. exd5 cxd5 10. O-O-O Re8 11. Bh2 a6 12. Kb1 Nc6 13. Na4 Qa5 14. Nc5 Nxd4 15. Nxd4 Qxc5 16. Ne6 Bxe6 17. Qxe6 Qc6 18. Rhe1 Qxe6 19. Rxe6 Ne5 20. Bxe5 fxe5 21. Be2 d4 22. Bf3 Rab8 23. Rb6 e6 24. Rxb7 Rxb7 25. Bxb7 a5 26. Rd3 Rb8 27. Be4 Rb5 28. Rb3 Rxb3 29. cxb3 Kf7 30. Kc2 Ke7 31. b4 axb4 32. Kb3 Kd6 33. Kxb4 Kc7 34. a4 Kb6 35. a5+ Ka7 36. b3 Bf8+ 37. Ka4 Bd6 38. b4 Bc7 39. b5 Bd8 40. b6+ Bxb6 41. axb6+ Kxb6 42. Kb4 Kc7 43. Kc5 1-0

[Event "Aurora Fall op"]
[Site "Aurora CAN"]
[Date "2015.10.04"]
[Round "5.4"]
[White "Liu, Lambert"]
[Black "Vettese, Nicholas"]
[Result "0-1"]
[WhiteElo "1925"]
[BlackElo "2276"]
[PlyCount "80"]
[GameId "2160767908820162"]
[EventDate "2015.10.03"]
[EventType "swiss"]
[EventRounds "5"]
[EventCountry "CAN"]

1. e4 c5 2. Nf3 d6 3. d4 cxd4 4. Nxd4 Nf6 5. Nc3 a6 6. h3 e5 7. Nde2 Be7 8. g4 h6 9. Bg2 Nc6 10. Ng3 g6 11. O-O Be6 12. Nd5 h5 13. g5 Nd7 14. h4 Rc8 15. c3 Bg4 16. f3 Be6 17. f4 exf4 18. Bxf4 Nce5 19. Nf6+ Nxf6 20. Bxe5 dxe5 21. Qxd8+ Rxd8 22. gxf6 Bc5+ 23. Kh2 Rd2 24. b4 Be3 25. Rf3 Bf4 26. c4 Bxc4 27. Rc3 Be6 28. Kg1 O-O 29. Nf1 Rxa2 30. Rxa2 Bxa2 31. Rc7 Rb8 32. Kf2 b6 33. Ra7 Bc4 34. Bf3 Rc8 35. Be2 Bxe2 36. Kxe2 Rc6 37. Rxa6 Rxf6 38. Ra8+ Kg7 39. Rc8 Rd6 40. Rc4 Rd4 0-1

[Event "North American-ch U20"]
[Site "Kitchener CAN"]
[Date "2015.07.26"]
[Round "1"]
[White "Vettese, Nicholas"]
[Black "Liu, Daniel"]
[Result "1-0"]
[WhiteElo "2181"]
[BlackElo "1666"]
[PlyCount "103"]
[GameId "2160767908837259"]
[EventDate "2015.07.26"]
[EventType "swiss"]
[EventRounds "9"]
[EventCountry "CAN"]
[SourceTitle "EXT 2019"]
[Source "ChessBase"]
[SourceDate "2018.10.10"]
[SourceVersion "1"]
[SourceVersionDate "2018.10.10"]
[SourceQuality "1"]

1. e4 c5 2. Nf3 d6 3. d4 cxd4 4. Nxd4 Nf6 5. Nc3 e6 6. Be3 Be7 7. f3 a6 8. Qd2 Nc6 9. O-O-O e5 10. Nb3 Bd7 11. g4 h6 12. Kb1 Na7 13. h4 Nc8 14. Be2 b5 15. g5 Ng8 16. Nd5 a5 17. Qc3 Kf8 18. Qc7 a4 19. Qb7 axb3 20. Qxa8 bxa2+ 21. Kxa2 hxg5 22. hxg5 Rxh1 23. Rxh1 Bxg5 24. Bxg5 Qxg5 25. Bxb5 Be6 26. Ba6 Qd8 27. Kb1 g6 28. Bxc8 Qxc8 29. Qxc8+ Bxc8 30. Rh8 Be6 31. Nf6 Kg7 32. Rxg8+ Kxf6 33. b4 Bc4 34. Rc8 Be2 35. Rc3 Kg5 36. Re3 Bb5 37. Kc1 Kf4 38. Kd2 f5 39. exf5 gxf5 40. Ra3 Bc4 41. Ke1 Kg3 42. Ra5 f4 43. b5 Kxf3 44. b6 Kg2 45. Ra7 Bd5 46. Rg7+ Kf3 47. b7 Bxb7 48. Rxb7 e4 49. Rd7 e3 50. Rxd6 Ke4 51. c4 f3 52. c5 1-0